[Event "As CC-ch B"]
[Site "As"]
[Date "2020.02.13"]
[Round "4"]
[White "Heien, Aksel"]
[Black "Olsen, Trygve"]
[Result "0-1"]
[WhiteElo "1284"]
[BlackElo "1476"]
[PlyCount "88"]
[EventDate "2020.01.16"]
[EventType "swiss"]
[EventRounds "6"]
[EventCountry "NOR"]
[SourceTitle "EXT 2024"]
[Source "ChessBase"]
[SourceDate "2023.10.10"]
[SourceVersion "1"]
[SourceVersionDate "2023.10.10"]
[SourceQuality "1"]

1. e4 e6 2. Nc3 c6 3. d4 Ne7 4. Nf3 g6 5. Bf4 d6 6. Qd2 h6 7. h3 Bg7 8. 0-0-0 b5 9. g4 b4 10. Ne2 Qa5 11. Kb1 e5 12. dxe5 Be6 13. b3 d5 14. Ned4 Bd7 15. e6 fxe6 16. exd5 Nxd5 17. Ne2 Bc3 18. Qc1 Rf8 19. Be5 Rxf3 20. Bxc3 Rxc3 21. Rxd5 Qxd5 22. Rg1 g5 23. Nxc3 bxc3 24. Bd3 a5 25. Qe3 Ke7 26. Bc4 Qd2 27. Qxd2 cxd2 28. Rd1 Na6 29. Bxa6 Rxa6 30. Rxd2 c5 31. f3 a4 32. h4 a3 33. hxg5 hxg5 34. Rh2 Kf6 35. c4 Rd6 36. Kc2 Bc6 37. Rf2 Ke5 38. Kc3 Kf4 39. b4 Ke3 40. Rh2 Rd3+ 41. Kc2 cxb4 42. Rh3 Rc3+ 43. Kb1 Bxf3 44. Rh6 Be4+ 0-1

[Event "As CC-ch B"]
[Site "As"]
[Date "2020.02.06"]
[Round "3"]
[White "Heien, Aksel"]
[Black "Bakkerud, Balder Jonsson"]
[Result "1-0"]
[WhiteElo "1284"]
[BlackElo "1227"]
[PlyCount "135"]
[EventDate "2020.01.16"]
[EventType "swiss"]
[EventRounds "6"]
[EventCountry "NOR"]
[SourceTitle "EXT 2024"]
[Source "ChessBase"]
[SourceDate "2023.10.10"]
[SourceVersion "1"]
[SourceVersionDate "2023.10.10"]
[SourceQuality "1"]

1. e4 c5 2. d4 cxd4 3. Qxd4 Nc6 4. Qd3 d6 5. Nc3 Nf6 6. Nf3 e5 7. Bg5 h6 8. Bxf6 Qxf6 9. Nd5 Qd8 10. 0-0-0 Be6 11. Be2 Rc8 12. Kb1 Qa5 13. a3 Ne7 14. Qb5+ Qxb5 15. Bxb5+ Bd7 16. Bxd7+ Kxd7 17. Nxe5+ dxe5 18. Nb6+ Kc7 19. Nxc8 Kxc8 20. Rd2 Nc6 21. Rhd1 Be7 22. g3 Rd8 23. Rxd8+ Bxd8 24. Rd5 Bb6 25. f4 f6 26. fxe5 Nxe5 27. Rd2 Kc7 28. b3 Kc6 29. Kb2 Be3 30. Rd8 Bg1 31. h3 Bh2 32. g4 Nd7 33. Rg8 Nc5 34. Rxg7 Nxe4 35. Rf7 Be5+ 36. Kc1 Ng5 37. Rg7 Nxh3 38. Rg6 Nf2 39. Kd2 Ne4+ 40. Ke3 Nd6 41. Rxh6 Kd5 42. Rh7 Bd4+ 43. Kf4 Bb2 44. a4 Be5+ 45. Kf3 Kd4 46. Rc7 a5 47. c3+ Kd3 48. c4 Kc3 49. c5 Nb5 50. Rxb7 Nd4+ 51. Ke4 Nxb3 52. Kd5 Nd2 53. c6 Kc2 54. c7 Bxc7 55. Rxc7+ Kb3 56. Rf7 Kxa4 57. Rxf6 Kb4 58. g5 a4 59. g6 a3 60. Ra6 Nc4 61. g7 Ne3+ 62. Ke4 a2 63. Rxa2 Ng4 64. Kf5 Nh6+ 65. Kg6 Ng8 66. Kh7 Nf6+ 67. Kh8 Kb3 68. Rg2 1-0

[Event "As Follo CC-chB"]
[Site "As"]
[Date "2019.01.10"]
[Round "1"]
[White "Selboe, Oyvind W"]
[Black "Heien, Aksel"]
[Result "0-1"]
[WhiteElo "1493"]
[BlackElo "1247"]
[PlyCount "80"]
[EventDate "2019.01.10"]
[EventType "swiss"]
[EventRounds "9"]
[EventCountry "NOR"]
[SourceTitle "EXT 2024"]
[Source "ChessBase"]
[SourceDate "2023.10.10"]
[SourceVersion "1"]
[SourceVersionDate "2023.10.10"]
[SourceQuality "1"]

1. e4 e5 2. Nf3 Nc6 3. Bc4 Nf6 4. d3 Bc5 5. Bg5 a5 6. Nc3 Bb4 7. 0-0 Bxc3 8. bxc3 0-0 9. d4 d6 10. h3 Qe7 11. Re1 Na7 12. a4 c6 13. Rb1 Be6 14. Bxe6 fxe6 15. Bxf6 Rxf6 16. Rb6 Qc7 17. Qb1 Nb5 18. dxe5 dxe5 19. Nxe5 Qxb6 20. Re2 Qc7 21. Ng4 Nxc3 22. Nxf6+ gxf6 23. Qb3 Nxe2+ 24. Kf1 Nd4 25. Qc4 Qe5 26. c3 Rd8 27. cxd4 Rxd4 28. Qe2 Rxe4 29. Qd1 Re1+ 30. Qxe1 Qxe1+ 31. Kxe1 Kf7 32. Kd2 e5 33. Kc3 b6 34. Kc4 h5 35. f3 Ke6 36. g3 Kf5 37. Kd3 b5 38. axb5 cxb5 39. h4 a4 40. Kc3 e4 0-1

[Event "As Autum"]
[Site "As"]
[Date "2018.10.11"]
[Round "5"]
[White "Samset, Jon"]
[Black "Heien, Aksel"]
[Result "1-0"]
[WhiteElo "1404"]
[BlackElo "1276"]
[PlyCount "91"]
[EventDate "2018.08.30"]
[EventType "swiss"]
[EventRounds "9"]
[EventCountry "NOR"]
[SourceTitle "EXT 2024"]
[Source "ChessBase"]
[SourceDate "2023.10.10"]
[SourceVersion "1"]
[SourceVersionDate "2023.10.10"]
[SourceQuality "1"]

1. e4 c5 2. Bb5 a6 3. Bc4 e6 4. Nf3 b5 5. Be2 Nc6 6. 0-0 Bb7 7. d3 Qc7 8. Bg5 h6 9. Bh4 e5 10. Nc3 g5 11. Nd5 Qd8 12. Bg3 Bg7 13. c4 Nge7 14. Nxe7 Qxe7 15. Qb3 g4 16. cxb5 axb5 17. Nd2 Nd4 18. Qd1 h5 19. f4 h4 20. Bf2 0-0-0 21. Bxg4 Rdg8 22. Bxd4 cxd4 23. Rc1+ Kd8 24. f5 Qg5 25. h3 f6 26. Rf3 Bh6 27. Nb3 d6 28. Qc2 Rh7 29. Kh1 Rgg7 30. Rff1 Rc7 31. Qd1 Rxc1 32. Nxc1 Rc7 33. Nb3 d5 34. Na5 Ba8 35. Qb3 Rc1 36. Bd1 Qg3 37. Qxb5 Rc8 38. Qb6+ Rc7 39. Qxf6+ Kc8 40. Qh8+ Kd7 41. Ba4+ Ke7 42. f6+ Ke6 43. Qxh6 Rf7 44. Qh8 Kd6 45. Qd8+ Ke6 46. Qe8+ 1-0

[Event "As Autumn"]
[Site "As"]
[Date "2017.09.28"]
[Round "4"]
[White "Moberg, Jan Rune"]
[Black "Heien, Aksel"]
[Result "1-0"]
[WhiteElo "1520"]
[BlackElo "955"]
[PlyCount "41"]
[EventDate "2017.08.31"]
[EventType "swiss"]
[EventRounds "9"]
[EventCountry "NOR"]
[SourceTitle "EXT 2024"]
[Source "ChessBase"]
[SourceDate "2023.10.10"]
[SourceVersion "1"]
[SourceVersionDate "2023.10.10"]
[SourceQuality "1"]

1. e4 e5 2. f4 d5 3. exd5 e4 4. d4 Nf6 5. c4 Ng4 6. g3 e3 7. Nh3 Bb4+ 8. Nc3 Bxc3+ 9. bxc3 Qe7 10. Be2 Qe4 11. 0-0 h5 12. Ng5 Qe7 13. a4 Bf5 14. Ba3 Qd7 15. Nf3 Na6 16. Ne5 Nf2 17. Rxf2 exf2+ 18. Kxf2 Qc8 19. Bxh5 g6 20. Qe2 gxh5 21. Ng6+ 1-0

[Event "As Autumn"]
[Site "As"]
[Date "2015.10.29"]
[Round "7"]
[White "Samset, Jon"]
[Black "Heien, Aksel"]
[Result "0-1"]
[WhiteElo "1113"]
[BlackElo "924"]
[PlyCount "74"]
[EventDate "2015.09.03"]
[EventType "swiss"]
[EventRounds "9"]
[EventCountry "NOR"]
[SourceTitle "EXT 2024"]
[Source "ChessBase"]
[SourceDate "2023.10.10"]
[SourceVersion "1"]
[SourceVersionDate "2023.10.10"]
[SourceQuality "1"]

1. c4 Nf6 2. Nc3 d5 3. Qb3 e6 4. Nf3 c5 5. g3 Nc6 6. Bg2 Na5 7. Qc2 Nxc4 8. 0-0 Bd6 9. d3 Ne5 10. Bg5 b6 11. Nb5 Bb8 12. Rac1 a6 13. d4 Ned7 14. dxc5 bxc5 15. Qa4 0-0 16. h4 h6 17. Bd2 Qe7 18. Rfd1 Bb7 19. Nc3 d4 20. Nb1 Bc7 21. Ba5 Nb6 22. Bxb6 Bxb6 23. Nbd2 Bd5 24. Nc4 Bxc4 25. Rxc4 e5 26. Nxe5 Qxe5 27. Bxa8 Rxa8 28. Qc6 Rb8 29. Qf3 Re8 30. Rc2 Qe4 31. Qa3 Qxc2 32. Rd3 Rxe2 33. Qxa6 Rxf2 34. Qa8+ Kh7 35. Rb3 Rd2 36. Rf3 Rg2+ 37. Kf1 Qe2# 0-1

[Event "Follo CC-ch"]
[Site "Follo"]
[Date "2015.03.12"]
[Round "5"]
[White "Heien, Aksel"]
[Black "Sandvik, Sander"]
[Result "1-0"]
[WhiteElo "893"]
[BlackElo "860"]
[PlyCount "61"]
[EventDate "2015.01.15"]
[EventType "swiss"]
[EventRounds "9"]
[EventCountry "NOR"]
[SourceTitle "EXT 2017"]
[Source "ChessBase"]
[SourceDate "2016.10.25"]
[SourceVersion "1"]
[SourceVersionDate "2016.10.25"]
[SourceQuality "1"]

1. d4 f5 2. Nc3 Nf6 3. Nf3 g6 4. Bf4 Bg7 5. e3 0-0 6. Bc4+ e6 7. 0-0 d5 8. Bb3 Nbd7 9. Qd3 c5 10. dxc5 Nxc5 11. Qb5 Nce4 12. Nxe4 Nxe4 13. Be5 Bxe5 14. Nxe5 Qf6 15. Nd3 Rd8 16. Rad1 Bd7 17. Qxb7 a5 18. a3 Qe7 19. Ba4 Qd6 20. Bxd7 Qxd7 21. Qxd7 Rxd7 22. Ne5 Rc7 23. f3 Nf6 24. c3 Rb8 25. Rb1 Kf8 26. Rfc1 Ke7 27. f4 Ne4 28. Nf3 Kd6 29. h3 Kc5 30. b4+ Kc4 31. Ne5+ 1-0

[Event "Follo op"]
[Site "Follo"]
[Date "2014.11.06"]
[Round "7"]
[White "Thorvaldsen, Thomas"]
[Black "Heien, Aksel"]
[Result "1-0"]
[WhiteElo "1058"]
[BlackElo "926"]
[PlyCount "141"]
[EventDate "2014.09.04"]
[EventType "swiss"]
[EventRounds "9"]
[EventCountry "NOR"]
[SourceTitle "EXT 2017"]
[Source "ChessBase"]
[SourceDate "2016.10.25"]
[SourceVersion "1"]
[SourceVersionDate "2016.10.25"]
[SourceQuality "1"]

1. d4 d5 2. c4 e5 3. e3 exd4 4. exd4 Bb4+ 5. Nc3 Nf6 6. a3 Bxc3+ 7. bxc3 Qe7+ 8. Qe2 Qxe2+ 9. Bxe2 Be6 10. cxd5 Bxd5 11. Bf3 Nc6 12. Bxd5 Nxd5 13. Ne2 0-0-0 14. 0-0 Rhe8 15. Re1 Nxc3 16. Be3 Nxe2+ 17. Rxe2 Nxd4 18. Rb2 b6 19. h3 Rd7 20. a4 Kb7 21. a5 Red8 22. axb6 axb6 23. Rd2 Ne2+ 24. Rxe2 Rd1+ 25. Re1 R1d7 26. Ra4 f6 27. Rea1 Rd5 28. Ra7+ Kc8 29. Rc1 c5 30. Rxg7 h5 31. Kh2 R8d6 32. Ra1 Rd7 33. Rg8+ Kc7 34. Bf4+ Kc6 35. Rc8+ Kb5 36. Rb1+ Kc4 37. Rxb6 Rf5 38. Ra6 Rd4 39. Ra4+ Kb5 40. Rxd4 cxd4 41. Kg3 Rd5 42. Rf8 d3 43. Rxf6 d2 44. Bxd2 Rxd2 45. Rf5+ Kc4 46. Rxh5 Rd6 47. f3 Rg6+ 48. Kh2 Kd3 49. f4 Ke3 50. f5 Rg8 51. g4 Kf4 52. f6 Rf8 53. g5 Kf5 54. h4 Kg6 55. Rh6+ Kf7 56. Kg3 Rg8 57. Kf4 Ke6 58. Rh7 Rf8 59. Re7+ Kd6 60. Kf5 Rh8 61. g6 Rg8 62. f7 Rg7 63. f8Q Rxe7 64. Qf6+ Kd7 65. g7 Rxg7 66. Qxg7+ Kd6 67. Qe5+ Kc6 68. Ke6 Kb6 69. Kd6 Ka6 70. Kc6 Ka7 71. Qc7+ 1-0

[Event "Follo op"]
[Site "Follo"]
[Date "2014.10.02"]
[Round "3"]
[White "Aasestad, Tor Erik"]
[Black "Heien, Aksel"]
[Result "1-0"]
[WhiteElo "969"]
[BlackElo "926"]
[PlyCount "83"]
[EventDate "2014.09.04"]
[EventType "swiss"]
[EventRounds "9"]
[EventCountry "NOR"]
[SourceTitle "EXT 2017"]
[Source "ChessBase"]
[SourceDate "2016.10.25"]
[SourceVersion "1"]
[SourceVersionDate "2016.10.25"]
[SourceQuality "1"]

1. e4 e5 2. Nf3 Nc6 3. Bc4 Nf6 4. Ng5 d5 5. exd5 Na5 6. Bb5+ c6 7. dxc6 bxc6 8. Ba4 h6 9. Nf3 e4 10. Ne5 Qd4 11. Bxc6+ Nxc6 12. Nxc6 Bc5 13. Nxd4 Bxd4 14. 0-0 Bg4 15. Qe1 0-0 16. c3 Bb6 17. d4 Rfe8 18. Be3 Rad8 19. Nd2 Nd5 20. Nc4 f5 21. Bd2 Bc7 22. Ne3 Nf4 23. Nxg4 Nd3 24. Qe3 Bf4 25. Qe2 fxg4 26. Bxf4 Nxf4 27. Qxg4 Rf8 28. Rfe1 h5 29. Qg5 Rd5 30. Qe7 Rdf5 31. Qxe4 g5 32. Rac1 h4 33. Rf1 g4 34. g3 Nh3+ 35. Kg2 Rxf2+ 36. Rxf2 Rxf2+ 37. Kh1 Ng5 38. Qg6+ Kf8 39. Qxg5 hxg3 40. hxg3 Rxb2 41. Rf1+ Ke8 42. Qg7 1-0

[Event "Follo op"]
[Site "Follo"]
[Date "2014.09.04"]
[Round "1"]
[White "Bakken, Svein Erik"]
[Black "Heien, Aksel"]
[Result "1-0"]
[WhiteElo "1401"]
[BlackElo "926"]
[PlyCount "61"]
[EventDate "2014.09.04"]
[EventType "swiss"]
[EventRounds "9"]
[EventCountry "NOR"]
[SourceTitle "EXT 2017"]
[Source "ChessBase"]
[SourceDate "2016.10.25"]
[SourceVersion "1"]
[SourceVersionDate "2016.10.25"]
[SourceQuality "1"]

1. d4 d5 2. c4 e5 3. dxe5 d4 4. a3 c5 5. Nf3 Nc6 6. Nbd2 h6 7. g3 Bf5 8. Bg2 Qd7 9. 0-0 Bh3 10. Qb3 b6 11. Qb5 Bxg2 12. Kxg2 Nge7 13. b4 Nc8 14. bxc5 bxc5 15. Ne4 a6 16. Qa4 Nxe5 17. Qb3 Bd6 18. Nxe5 Bxe5 19. Qf3 Qc6 20. Nf6+ Ke7 21. Qxc6 Bxf6 22. Qxa8 d3 23. Qb7+ Ke6 24. Bb2 Nd6 25. Qd5+ Ke7 26. Bxf6+ gxf6 27. exd3 Kd7 28. Qxc5 Re8 29. Qa7+ Kd8 30. Rab1 Re2 31. c5 1-0

[Event "As CC-ch B"]
[Site "As"]
[Date "2014.04.10"]
[Round "9"]
[White "Thowsen, Alf Geir"]
[Black "Heien, Aksel"]
[Result "1-0"]
[WhiteElo "1195"]
[BlackElo "926"]
[PlyCount "125"]
[EventDate "2014.01.16"]
[EventType "swiss"]
[EventRounds "9"]
[EventCountry "NOR"]
[SourceTitle "EXT 2024"]
[Source "ChessBase"]
[SourceDate "2023.10.10"]
[SourceVersion "1"]
[SourceVersionDate "2023.10.10"]
[SourceQuality "1"]

1. c4 c5 2. Nc3 Nf6 3. d3 Nc6 4. g3 e5 5. Bg2 Qc7 6. Nf3 d6 7. 0-0 a6 8. Bg5 e4 9. dxe4 Be7 10. Nd5 Nxd5 11. exd5 Ne5 12. Bxe7 Qxe7 13. b3 0-0 14. Re1 Bd7 15. Qc2 g6 16. Rad1 Rfe8 17. e4 Bg4 18. Re3 Rad8 19. Rde1 Qf6 20. Nxe5 dxe5 21. f3 Bd7 22. Qc3 Qd6 23. Rf1 Re7 24. f4 exf4 25. Rxf4 Rf8 26. e5 Qb8 27. Rf6 Rfe8 28. d6 Re6 29. Rxe6 Bxe6 30. Bd5 Qc8 31. Qa5 Bxd5 32. cxd5 b6 33. Qxb6 h5 34. Qc6 Rd8 35. Qxc8 Rxc8 36. Kf2 a5 37. Re4 Kg7 38. Rc4 g5 39. Ke3 Kg6 40. g4 Re8 41. gxh5+ Kxh5 42. Rxc5 Rxe5+ 43. Kd4 Re8 44. d7 Rd8 45. Rc7 f5 46. Ke5 f4 47. Ke6 f3 48. Rc1 g4 49. Ke7 Rxd7+ 50. Kxd7 Kh4 51. Rh1 Kh3 52. Ke6 f2 53. Rf1 Kg2 54. Rxf2+ Kxf2 55. Kf5 g3 56. hxg3 Kxg3 57. d6 Kf3 58. d7 Ke3 59. d8Q Kf3 60. Qd3+ Kf2 61. Kg4 Ke1 62. Qc2 Kf1 63. Kf3 1-0

[Event "As CC-ch B"]
[Site "As"]
[Date "2014.01.16"]
[Round "1"]
[White "Heien, Aksel"]
[Black "Ruud, Kjetil"]
[Result "0-1"]
[WhiteElo "961"]
[BlackElo "1229"]
[PlyCount "70"]
[EventDate "2014.01.16"]
[EventType "swiss"]
[EventRounds "9"]
[EventCountry "NOR"]
[SourceTitle "EXT 2024"]
[Source "ChessBase"]
[SourceDate "2023.10.10"]
[SourceVersion "1"]
[SourceVersionDate "2023.10.10"]
[SourceQuality "1"]

1. e4 b6 2. d4 Bb7 3. Nc3 e6 4. Be3 Bb4 5. Nge2 Bxe4 6. Qd2 Bxc3 7. Nxc3 Bb7 8. 0-0-0 d6 9. d5 e5 10. Bb5+ Nd7 11. Rhe1 a6 12. Bxd7+ Qxd7 13. f3 h6 14. g4 Ne7 15. h4 0-0-0 16. h5 Kb8 17. b3 Rhf8 18. Rf1 f5 19. gxf5 Rxf5 20. f4 exf4 21. Rxf4 Rxh5 22. Rd4 Rf8 23. Qg2 Nf5 24. Re4 Nxe3 25. Rxe3 Rff5 26. Red3 Qf7 27. Kb2 Qf6 28. Kb1 Rhg5 29. Qe2 a5 30. R3d2 Qxc3 31. Qe8+ Ka7 32. Qd7 Rxd5 33. Rxd5 Rxd5 34. Rxd5 Bxd5 35. Qxg7 Qxg7 0-1